MARC details
| 000 -CABECERA |
| campo de control de longitud fija |
01500nam a2200325 4500 |
| 003 - IDENTIFICADOR DEL NÚMERO DE CONTROL |
| campo de control |
EC-UNACH |
| 005 - FECHA Y HORA DE LA ÚLTIMA TRANSACCIÓN |
| campo de control |
20251015123630.0 |
| 006 - CÓDIGOS DE INFORMACIÓN DE LONGITUD FIJA--CARACTERÍSTICAS DEL MATERIAL ADICIONAL |
| campo de control de longitud fija |
s||||gr|||| 00| 00 |
| 008 - DATOS DE LONGITUD FIJA--INFORMACIÓN GENERAL |
| campo de control de longitud fija |
150116t9999 mx r gr 000 0 spa d |
| 020 ## - NÚMERO INTERNACIONAL ESTÁNDAR DEL LIBRO |
| Número Internacional Estándar del Libro |
978-987-591-294-6 |
| 040 ## - FUENTE DE LA CATALOGACIÓN |
| Centro catalogador/agencia de origen |
EC-UNACH |
| Centro/agencia transcriptor |
EC-UNACH |
| 041 ## - CÓDIGO DE LENGUA |
| Código de lengua del texto/banda sonora o título independiente |
spa |
| 082 04 - NÚMERO DE LA CLASIFICACIÓN DECIMAL DEWEY |
| Número de edición |
23 |
| Número de clasificación |
571.6 |
| Número de documento/Ítem |
L011645 |
| 110 ## - ENTRADA PRINCIPAL--NOMBRE DE ENTIDAD CORPORATIVA |
| Nombre de entidad corporativa o nombre de jurisdicción como elemento de entrada |
Editorial Brujas |
| 245 ## - MENCIÓN DE TÍTULO |
| Título |
Biología celular en las ciencias agropecuarias |
| 250 ## - MENCIÓN DE EDICIÓN |
| Mención de edición |
Primera edición |
| 264 ## - Producción, publicación, distribución, fabricación y copyright |
| Lugar de producción, publicación, distribución, fabricación |
Argentina |
| Nombre del de productor, editor, distribuidor, fabricante |
Editorial Brujas |
| Fecha de de producción, publicación, distribución, fabricación o copyright |
2013 |
| 300 ## - DESCRIPCIÓN FÍSICA |
| Extensión |
308 páginas |
| Otras características físicas |
Tablas |
| 505 ## - NOTA DE CONTENIDO CON FORMATO |
| Nota de contenido con formato |
<br/>ÍNDICE. --<br/>I. MÉTODO CIENTÍFICO. -- <br/>II. FUNDAMENTOS DE LA BIOLOGÍA CELULAR MODERNA. --<br/>III. COMPONENTES QUÍMICOS CELULARES. -- <br/>IV. CARACTERÍSTICAS DE LAS CÉLULAS. -- <br/>V. MEMBRANA PLASMÁTICA. -- <br/>VI. SISTEMA DE ENDOMEMBRANAS. -- <br/>VII. ORGÁNULOS CELULARES CON FUNCIONES ESPECÍFICAS. -- <br/>VIII. ORGÁNULOS DE CONVERSIÓN ENERGÉTICA. -- <br/>IX. CITOESQUELETO. --<br/>X. UNIONES DE LAS CÉLULAS ENTRE SÍ Y CON LA MATRIZ EXTRACELULAR. -- <br/>XI. PARED CELULAR. -- <br/>XII. NÚCLEO CELULAR. -- <br/>XII. CICLO CELULAR. -- <br/>XIV. CONCEPTOS BÁSICOS DE BIOTECNOLOGÍA.<br/> |
| 650 ## - PUNTO DE ACCESO ADICIONAL DE MATERIA--TÉRMINO DE MATERIA |
| Término de materia o nombre geográfico como elemento inicial |
BIOELEMENTOS Y BIOMOLÉCULAS |
| 650 ## - PUNTO DE ACCESO ADICIONAL DE MATERIA--TÉRMINO DE MATERIA |
| Término de materia o nombre geográfico como elemento inicial |
RETÍCULO ESDOSPLÁSMICO |
| 650 ## - PUNTO DE ACCESO ADICIONAL DE MATERIA--TÉRMINO DE MATERIA |
| Término de materia o nombre geográfico como elemento inicial |
ENVOLTURA NUCLEAR |
| 700 ## - PUNTO DE ACCESO ADICIONAL--NOMBRE DE PERSONA |
| Nombre de persona |
Alejandra Pérez, María |
| 700 ## - PUNTO DE ACCESO ADICIONAL--NOMBRE DE PERSONA |
| Nombre de persona |
Daniel García, Sergio |
| 700 ## - PUNTO DE ACCESO ADICIONAL--NOMBRE DE PERSONA |
| Nombre de persona |
Kopp, Sandra |
| 942 ## - ELEMENTOS DE PUNTO DE ACCESO ADICIONAL (KOHA) |
| Tipo de ítem Koha |
Libros |
| Fuente del sistema de clasificación o colocación |
Clasificación Decimal Dewey |
| 999 ## - NÚMEROS DE CONTROL DE SISTEMA (KOHA) |
| Koha biblionumber |
14010 |